00480nam a2200169 i 4500001000700000003000900007005001700016007000300033008004100036100002300077245008800100250001500188260003200203300002200235700002200257852003100279104181ES-MaACL20230906183532.0t|051124s1978 sp ||||1| spa d1 aMichelini, Zelmar.10aUruguay vencerá / cZelmar Michelini; selección y prólogo de Mario Jaunarena. a[1ª ed.]. aBarcelona : bLaia, c1978. a315 p. ; c20 cm.1 aJaunarena, Mario. aES-MaACLjA-9301 bR.98186